|
|
|
|
| LEADER |
00570nam a22001697a 4500 |
| 005 |
20151215124912.0 |
| 008 |
090916t xxu||||| |||| 00| 0 eng d |
| 082 |
|
|
|a 332.642
|b HAL
|
| 100 |
|
|
|a Haldea, Prithvi
|e Editor
|9 940
|
| 245 |
|
|
|a The prime directory 1994
|
| 653 |
|
|
|a Directory
|
| 653 |
|
|
|a Exchange of securities and securities exchange
|
| 942 |
|
|
|c BK
|6 _
|
| 260 |
|
|
|a New Delhi
|b Praxis
|c 1993
|
| 500 |
|
|
|a Various pagination
|
| 999 |
|
|
|c 93847
|d 93847
|
| 952 |
|
|
|0 0
|1 0
|2 ddc
|4 0
|6 332642_HAL
|7 0
|9 118082
|a SMS
|b SMS
|c REF
|d 2009-09-16
|o 332.642 HAL
|p SMS018099
|r 2009-09-16
|w 2009-09-16
|y REF
|